000 00910 a2200217 4500
999 _c10994
_d10994
020 _a0801437482
050 0 0 _aPN5407.T4
_bK73 2000
100 1 _aKrauss, Ellis S.
_eauthor
245 1 0 _aBroadcasting politics in Japan :
_bNHK and television news /
_cEllis S. Krauss.
264 _aCornell University Press,
_bIthaca,
_cc.2000
300 _axiv, 278 pages
_billustrations
336 _1text
_2rda content
_3tx
337 _1unmediated
_2rda media
_3n
338 _1volume
_2rda carrier
_3nc
500 _aErrata sheet inserted.
504 _aIncludes bibliographical references and index.
650 0 _aTelevision broadcasting of news
_xHistory.
650 0 _aGovernment and the press
_xHistory
942 _2lcc
_cBK
_h5407
_iKRA
_kPN